LIBRARY & INFORMATION CENTRE, KCAET, TAVANUR

ONLINE PUBLIC ACCESS CATALOGUE (OPAC)

Bio-diesel : biodegradable alternative fuel for diesel engines (Record no. 13699)

MARC details
000 -LEADER
fixed length control field 00422cam a22001454a 4500
020 ## - INTERNATIONAL STANDARD BOOK NUMBER
ISBN 9788189973506
082 ## - DEWEY DECIMAL CLASSIFICATION NUMBER
Classification number 665.776
Item number SAS/BI
100 1# - MAIN ENTRY--AUTHOR NAME
Personal name Sastry, Gadepalli Ravi Kiran,
245 10 - TITLE STATEMENT
Title Bio-diesel : biodegradable alternative fuel for diesel engines
260 ## - PUBLICATION, DISTRIBUTION, ETC. (IMPRINT)
Place of publication New Delhi :
Name of publisher Readworthy Publications,
Year of publication 2008.
300 ## - PHYSICAL DESCRIPTION
Number of Pages xv, 165 p. :
Other physical details ill. ;
650 #0 - SUBJECT ADDED ENTRY--TOPICAL TERM
Topical Term Biodiesel fuels
650 #0 - SUBJECT ADDED ENTRY--TOPICAL TERM
Topical Term Biomass energy
942 ## - ADDED ENTRY ELEMENTS (KOHA)
Koha item type Books
Holdings
Withdrawn status Lost status Damaged status Collection code Home library Current library Shelving location Date acquired Source of acquisition Cost, normal purchase price Full call number Accession Number Koha item type
      Non-fiction KAUAET KAUAET General Stacks 31/03/2012 Southern Book Star 460.00 665.776 SAS/BI 23373 Books
free website counter